First 10 Elements - Statistics

General Stats
  • This quiz has been taken 5,013 times
  • The average score is 8 of 10
Answer Stats
Symbol Element % Correct
H Hydrogen
99%
He Helium
98%
Li Lithium
94%
C Carbon
86%
B Boron
85%
Be Beryllium
83%
N Nitrogen
83%
O Oxygen
82%
Ne Neon
69%
F Fluorine
67%
No matching quizzes found
Score Distribution
Percent of People with Each Score
Percentile by Number Answered
Your Score History
You have not taken this quiz